000 00544nam a2200229Ia 4500
003 OSt
005 20220918200637.0
006 a|||||r|||| 00| 0
007 ta
008 220917b |||||||| |||| 00| 0 eng d
024 _a89,726
037 _cTextual
040 _aARTS
_cARTS
_beng
041 _2eng
_aeng
082 _aU8:4, K0
100 _aCameron Nigel
_995032
245 0 _aTo the East a phoenix
260 _c1960
650 _aGEOGRAPHY
942 _hU8:4, K0
_cTEXL
_2CC
999 _c213395
_d213395